|
|
|
|
| LEADER |
00951nam a2200229 a 4500 |
| 001 |
2046780 |
| 008 |
091202s1991 bg a b i000 0 eng d |
| 010 |
|
|
|a \\\92901279
|
| 020 |
|
|
|a 9221078957
|
| 040 |
|
|
|a DLC
|c DLC
|d DLC
|
| 082 |
0 |
4 |
|a 331.12/5/095492
|2 20
|
| 245 |
0 |
0 |
|a Self-employment programmes in Bangladesh :
|b experience of selected organisations.
|
| 260 |
|
|
|a Dhaka :
|b International Labour Organisation, Area Office,
|c 1991.
|
| 300 |
|
|
|a iv, 145 p. :
|b ill. ;
|c 23 cm.
|
| 504 |
|
|
|a Includes bibliographical references.
|
| 541 |
1 |
|
|e 00005097
|
| 650 |
|
0 |
|a Self-employed
|z Bangladesh.
|
| 650 |
|
0 |
|a Self-employed
|x Government policy
|z Bangladesh.
|
| 710 |
2 |
|
|a International Labour Organisation.
|b Area Office, Dhaka.
|
| 852 |
4 |
|
|a Ayesha Abed Library
|j General shelf
|
| 999 |
|
|
|c 5854
|d 5854
|
| 952 |
|
|
|0 0
|1 0
|2 ddc
|4 0
|6 331_125095492000000_SEL_1991
|7 0
|9 5832
|a BRACUL
|b BRACUL
|c GEN
|d 2009-12-02
|g 125.00
|l 0
|o 331.125095492 SEL
|p 3010005097
|r 2009-12-02
|t 1
|w 2009-12-02
|y BK
|